000 00346 a2200157 4500
001 194299
020 _a85-08-17779-0
040 _cMagnum
100 _aFrança, Mary
240 1 0 _aPasseio na fazenda
_lpor
245 1 0 _aPasseio na fazenda
300 _a16
362 0 _a2015
697 _aLÍNGUA - LINGÜÍSTICA - LITERATURA
942 _cBK
999 _c194299
_d194299